00417nam a2200157Ia 45000010006000000050017000060080041000230410008000640820018000721000026000902450084001162600009002003000034002096500008002436540008002511896920260306171709.0260306s9999||||xx |||||||||||||| ||und|| aESP a658.575bL562 aLockwood, ThomaseAUT 0aDesign thinking:bintegrating innovation, customer, experience, and brand value c2009 axvii, 285 páginas :c23 cm. aGEN aCAN